Demografía - Opción Múltiple - Estadísticas

Estadísticas generales
  • Esta prueba ha sido intentada 5.259 veces
  • La puntuación promedio es 13 de 20
Estadísticas de respuestas
Pregunta Respuesta % Correcto
¿Cuál de estos países tiene la edad media más avanzada? Alemania
87%
Cierto o falso: La India tiene más de mil millones de habitantes. Cierto
87%
En marzo de 2021, ¿cuál es la población aproximada del mundo? 7.850 millones
86%
¿Aproximadamente qué porcentaje de la población de Francia es musulmana? 8,8%
81%
¿Cuál de estas ciudades tiene la mayor población en su área urbana? Bombay
77%
¿Aproximadamente en qué año se prevé que Nigeria supere a Estados Unidos en población? 2055
75%
¿Está aumentando o disminuyendo la población de Japón? Disminuyendo
74%
¿Qué porcentaje de la población del Reino Unido vive en Inglaterra? 84%
71%
¿Qué porcentaje de la población mundial vive en Europa? 9,5%
70%
¿Cuál de estos países tiene la mayor densidad de población? Países Bajos
67%
¿Qué porcentaje de personas de Estados Unidos se consideran afroamericanas? 14%
62%
¿Qué porcentaje de la población mundial murió a causa de la guerra en 2016, el año más reciente del que tenemos datos? 0,001%
59%
¿Qué porcentaje de la población de China ha nacido en un país extranjero? 0,1%
57%
¿Cómo ha cambiado la esperanza de vida en el África subsahariana en los últimos 50 años? Gran aumento
55%
¿Cuál es la esperanza de vida de los habitantes de Arabia Saudita? 75 años
53%
En 2003, Irak tenía una población de 25 millones de habitantes. ¿Cuál es la población aproximada de Irak en 2021? 41 millones
48%
¿Cuál de estos lugares tiene la mayor población? Texas
44%
¿Aproximadamente qué porcentaje del mundo es judío? 0,2%
41%
¿Qué porcentaje de la población de Turquía está registrado como musulmán por el gobierno turco? 99,8%
40%
¿Cuál es la edad media de los habitantes de Uganda? 16 años
30%
No se encontraron pruebas coincidentes
Distribución de puntuación
Porcentaje de gente con cada puntuación
Porcentaje por número respondido
Historial de tus puntuaciones
No has intentado esta prueba.